[Event "ETCC Plovdiv 2003"]
[Site "Plovdiv"]
[Date "2003.10.13"]
[Round "3.9"]
[White "Zapolskis, Antanas"]
[Black "Degraeve, Jean-Marc"]
[Result "0-1"]
[WhiteElo "2375"]
[BlackElo "2562"]
[PlyCount "76"]
[EventDate "2003.10.13"]

1. e4 c5 2. Nf3 g6 3. d4 cxd4 4. Qxd4 Nf6 5. Bb5 a6 6. e5 axb5 7. exf6 Nc6 8.
Qd1 e6 9. O-O b4 10. Re1 Qxf6 11. c3 Bg7 12. cxb4 O-O 13. Nc3 d5 14. b5 Nd4 15.
Ne5 Nf5 16. Bf4 Qd8 17. Nf3 f6 18. Qb3 g5 19. Be3 Kh8 20. Bc5 Rg8 21. Na4 Bf8
22. Bb6 Qd6 23. Bc5 Qf4 24. Bxf8 g4 25. Ng5 Rxf8 26. Nb6 Rb8 27. Qa3 Kg8 28.
Nxe6 Bxe6 29. Rxe6 Nd4 30. Nxd5 Qg5 31. Ne7+ Kh8 32. Ree1 Nf3+ 33. Kh1 Nxe1 34.
Rxe1 Rbd8 35. h3 Rfe8 36. hxg4 Rd7 37. Re3 Rexe7 38. Rxe7 Qh4+ 0-1

[Event "ETCC Plovdiv 2003"]
[Site "Plovdiv"]
[Date "2003.10.13"]
[Round "3.10"]
[White "David, Alberto"]
[Black "Aleksandrov, Aleksej"]
[Result "1/2-1/2"]
[WhiteElo "2560"]
[BlackElo "2664"]
[PlyCount "53"]
[EventDate "2003.10.13"]

1. d4 d5 2. c4 e6 3. Nf3 Nf6 4. g3 Bb4+ 5. Bd2 a5 6. Qc2 Nc6 7. Bg2 dxc4 8.
Qxc4 Qd5 9. Qxd5 exd5 10. Nc3 Bg4 11. e3 O-O 12. a3 Bxc3 13. Bxc3 Bxf3 14. Bxf3
Ne4 15. Be2 Ne7 16. f3 Nd6 17. a4 Nec8 18. Kf2 Nb6 19. Rhc1 Rfe8 20. b3 c6 21.
Bd2 f5 22. Rc5 Nd7 23. Rxa5 Rad8 24. Bd3 g6 25. Bb4 Re6 26. Rc1 Ne8 27. Ra7
1/2-1/2

[Event "ETCC Plovdiv 2003"]
[Site "Plovdiv"]
[Date "2003.10.13"]
[Round "3.10"]
[White "Wagener, Claude"]
[Black "Kovalev, Andrei"]
[Result "0-1"]
[WhiteElo "2217"]
[BlackElo "2572"]
[PlyCount "46"]
[EventDate "2003.10.13"]

1. e4 c5 2. Nf3 d6 3. d4 cxd4 4. Nxd4 Nf6 5. Nc3 a6 6. Be2 e5 7. Nb3 Be7 8. Bg5
Nbd7 9. a4 b6 10. Bc4 Bb7 11. Nd2 h6 12. Bh4 g5 13. Bg3 Nc5 14. Qe2 Ne6 15.
Bxe6 fxe6 16. O-O Rc8 17. f3 Nh5 18. Bf2 Nf4 19. Qe3 Rc6 20. Kh1 O-O 21. Rac1
d5 22. exd5 exd5 23. Qxe5 Re6 0-1

[Event "ETCC Plovdiv 2003"]
[Site "Plovdiv"]
[Date "2003.10.13"]
[Round "3.12"]
[White "Gandy, Andrew"]
[Black "Stanojoski, Zvonko"]
[Result "0-1"]
[WhiteElo "2104"]
[BlackElo "2497"]
[PlyCount "98"]
[EventDate "2003.10.13"]

1. d4 Nf6 2. c4 c5 3. d5 b5 4. cxb5 a6 5. b6 Qxb6 6. Nc3 d6 7. Nf3 g6 8. Nd2
Bg7 9. e4 O-O 10. Be2 a5 11. a4 Na6 12. Nc4 Qd8 13. O-O Nb4 14. Bf4 Ba6 15. Rc1
Nd7 16. Qd2 f5 17. f3 Rf7 18. Na3 Qb6 19. Bxa6 Qxa6 20. Nab5 Rc8 21. b3 c4 22.
bxc4 Nc5 23. Rb1 Ncd3 24. Be3 Rxc4 25. Na2 fxe4 26. Nxb4 axb4 27. fxe4 Rxf1+
28. Rxf1 Qxa4 29. Nxd6 exd6 30. Qxd3 b3 31. e5 Bxe5 32. Bh6 Rc8 33. Qf3 Qa7+
34. Kh1 Qe7 35. Qxb3 Qh4 36. Qh3 Qxh3 37. gxh3 Bg7 38. Bf4 Bf8 39. Kg2 Rc4 40.
Be3 Rc3 41. Kf3 Bh6 42. Re1 Kf7 43. Ke4 Rxe3+ 44. Rxe3 Bxe3 45. Kxe3 Kf6 46.
Kf4 g5+ 47. Ke4 h6 48. h4 gxh4 49. Kf4 h3 0-1

[Event "ETCC Plovdiv 2003"]
[Site "Plovdiv"]
[Date "2003.10.13"]
[Round "3.16"]
[White "Atalik, Suat"]
[Black "Papaioannou, Ioannis"]
[Result "1/2-1/2"]
[WhiteElo "2570"]
[BlackElo "2577"]
[PlyCount "61"]
[EventDate "2003.10.13"]

1. Nf3 Nf6 2. c4 e6 3. Nc3 Bb4 4. Qc2 O-O 5. a3 Bxc3 6. Qxc3 b6 7. b4 Ne4 8.
Qc2 f5 9. d3 Nf6 10. g3 Bb7 11. Bg2 Nc6 12. O-O Ne7 13. a4 a5 14. bxa5 Rxa5 15.
Bd2 Ra8 16. a5 bxa5 17. Rfb1 Bc6 18. Bxa5 Ng6 19. Qc3 f4 20. Bb4 Rxa1 21. Qxa1
d6 22. c5 Bxf3 23. Bxf3 Ne5 24. cxd6 cxd6 25. Bg2 fxg3 26. hxg3 Nfg4 27. Qd4
Qf6 28. Qf4 Qd8 29. Qd4 Qf6 30. Qf4 Qd8 31. Qd4 1/2-1/2

[Event "ETCC Plovdiv 2003"]
[Site "Plovdiv"]
[Date "2003.10.13"]
[Round "3.16"]
[White "Nikolaidis, Ioannis"]
[Black "Bistric, Faruk"]
[Result "1-0"]
[WhiteElo "2467"]
[BlackElo "2503"]
[PlyCount "85"]
[EventDate "2003.10.13"]

1. Nf3 c5 2. c4 Nc6 3. d4 cxd4 4. Nxd4 Nf6 5. Nc3 e6 6. Ndb5 d5 7. Bf4 e5 8.
cxd5 exf4 9. dxc6 bxc6 10. Qxd8+ Kxd8 11. Rd1+ Bd7 12. Nd6 Rb8 13. Nxf7+ Ke8
14. Nxh8 Rxb2 15. Rd2 Bb4 16. Rxb2 Bxc3+ 17. Kd1 Bxb2 18. Kc2 Be5 19. e3 fxe3
20. fxe3 Nd5 21. Bc4 Ke7 22. Kd2 Be6 23. Rb1 Nb6 24. Bxe6 Kxe6 25. Rf1 Bf6 26.
Rc1 Kd5 27. e4+ Kd6 28. e5+ Kxe5 29. Rxc6 Kd5 30. Rc7 a5 31. Ra7 a4 32. Nf7 Kc5
33. Kc2 Kb4 34. Nd6 Be5 35. Rb7 Kc5 36. Rxb6 Bxd6 37. Rb7 Be5 38. Kd3 h5 39. h3
h4 40. Re7 Bf6 41. Re4 Kb5 42. Rg4 Ka5 43. Kc4 1-0

[Event "ETCC Plovdiv 2003"]
[Site "Plovdiv"]
[Date "2003.10.13"]
[Round "3.17"]
[White "Neubauer, Martin"]
[Black "Atakisi, Umut"]
[Result "1-0"]
[WhiteElo "2434"]
[BlackElo "2311"]
[PlyCount "125"]
[EventDate "2003.10.13"]

1. e4 c5 2. Nf3 Nc6 3. Bb5 g6 4. O-O Bg7 5. Re1 Nf6 6. e5 Nd5 7. Nc3 Nc7 8.
Bxc6 dxc6 9. Ne4 Ne6 10. d3 O-O 11. Be3 b6 12. Qd2 Nd4 13. Nxd4 cxd4 14. Bh6
Be6 15. Bxg7 Kxg7 16. Qf4 Bd5 17. h4 Bxe4 18. Rxe4 c5 19. h5 e6 20. h6+ Kg8 21.
Rae1 Qe7 22. b4 Rfd8 23. Rb1 cxb4 24. Rxd4 Rxd4 25. Qxd4 Qg5 26. Rxb4 Qc1+ 27.
Kh2 Qxh6+ 28. Qh4 Qxh4+ 29. Rxh4 Rc8 30. c4 Rc5 31. Re4 b5 32. f4 a5 33. Kg3
Kg7 34. Kf3 g5 35. fxg5 Kg6 36. Kf4 bxc4 37. dxc4 Rc8 38. a4 Rc7 39. Rd4 Rc8
40. Re4 Rc7 41. Rd4 Rc8 42. g3 Rc7 43. Re4 Rc8 44. Rd4 Rc7 45. g4 Rc8 46. Re4
Rc7 47. Rd4 Rc8 48. Re4 Rc7 49. Ke3 Kxg5 50. Kd4 f5 51. gxf5 Kxf5 52. Re1 h5
53. c5 h4 54. Kc4 h3 55. Kb5 h2 56. c6 Rh7 57. Rh1 Kxe5 58. Kb6 Rh3 59. Kxa5
Rc3 60. Kb6 Kd6 61. Rd1+ Ke7 62. a5 Rb3+ 63. Kc7 1-0

[Event "ETCC Plovdiv 2003"]
[Site "Plovdiv"]
[Date "2003.10.13"]
[Round "3.17"]
[White "Erdogdu, Mert"]
[Black "Weiss, Christian"]
[Result "0-1"]
[WhiteElo "2359"]
[BlackElo "2402"]
[PlyCount "66"]
[EventDate "2003.10.13"]

1. e4 c6 2. d4 d5 3. Nd2 g6 4. h3 dxe4 5. Nxe4 Bg7 6. Nf3 Nf6 7. Nxf6+ exf6 8.
Bc4 O-O 9. O-O a5 10. a4 Nd7 11. Bd3 Qc7 12. Re1 Rd8 13. Be3 Nf8 14. c3 Be6 15.
Qc1 Bd5 16. Bf4 Qd7 17. Nd2 Ne6 18. Be3 b5 19. Ne4 Qb7 20. Bh6 bxa4 21. Bxg7
Kxg7 22. Qe3 f5 23. Nd2 Qxb2 24. Bc4 Qb8 25. Rxa4 Rd7 26. Rea1 Kg8 27. Nf3 Bxf3
28. Qxf3 Qc7 29. Qe2 Nf4 30. Qa2 Nd5 31. Qc2 Nb6 32. Bb3 Nxa4 33. Rxa4 Re7 0-1

[Event "ETCC Plovdiv 2003"]
[Site "Plovdiv"]
[Date "2003.10.14"]
[Round "4.3"]
[White "Kacheishvili, Giorgi"]
[Black "Ibrahimov, Rasul"]
[Result "1/2-1/2"]
[WhiteElo "2593"]
[BlackElo "2478"]
[PlyCount "53"]
[EventDate "2003.10.14"]

1. d4 Nf6 2. c4 e6 3. Nc3 Bb4 4. Qc2 O-O 5. a3 Bxc3+ 6. Qxc3 b6 7. Bg5 d6 8. e3
Nbd7 9. Bd3 Ba6 10. Ne2 Rc8 11. Qc2 h6 12. Bh4 c5 13. Qa4 Nb8 14. Rd1 cxd4 15.
exd4 Qd7 16. Qb4 g5 17. Bg3 d5 18. cxd5 Nxd5 19. Qd2 Bxd3 20. Qxd3 f6 21. h4
Qh7 22. Bxb8 Rxb8 23. hxg5 fxg5 24. Qg3 Rbc8 25. Qe5 Qg6 26. O-O Qf5 27. Rd2
1/2-1/2

[Event "ETCC Plovdiv 2003"]
[Site "Plovdiv"]
[Date "2003.10.14"]
[Round "4.9"]
[White "Aleksandrov, Aleksej"]
[Black "Korchnoi, Viktor"]
[Result "1-0"]
[WhiteElo "2664"]
[BlackElo "2580"]
[PlyCount "29"]
[EventDate "2003.10.14"]

1. d4 Nf6 2. c4 e6 3. Nc3 Bb4 4. e3 c5 5. Bd3 d5 6. Nf3 O-O 7. O-O dxc4 8. Bxc4
Bd7 9. a3 cxd4 10. Ne2 Bd6 11. Qxd4 Bc7 12. Bd2 Nc6 13. Qh4 Ne7 14. Bb4 a5 15.
Bc5 {very bed calligraphy! Sorry!} 1-0

[Event "ETCC Plovdiv 2003"]
[Site "Plovdiv"]
[Date "2003.10.14"]
[Round "4.12"]
[White "Zapolskis, Antanas"]
[Black "Nikolaidis, Ioannis"]
[Result "0-1"]
[WhiteElo "2375"]
[BlackElo "2467"]
[PlyCount "108"]
[EventDate "2003.10.14"]

1. e4 g6 2. d4 Bg7 3. Nc3 d6 4. Be3 c6 5. f4 Qb6 6. Rb1 e5 7. Nf3 Nd7 8. Qd2
Qc7 9. d5 Ngf6 10. dxc6 bxc6 11. Rd1 Ng4 12. Bg1 exf4 13. Qxd6 Qxd6 14. Rxd6
Rb8 15. Nd1 O-O 16. h3 Ngf6 17. e5 Ne4 18. Rd4 Ng3 19. Rh2 Nxe5 20. Rxf4 Re8
21. Be3 Bh6 22. Nxe5 Rxe5 23. Rf3 Nf5 24. Kf2 Nxe3 25. Nxe3 Rxb2 26. Bd3 Bxe3+
27. Rxe3 Rxe3 28. Kxe3 Rxa2 29. g4 Be6 30. Kd4 Ra5 31. Re2 Rd5+ 32. Kc3 Kg7 33.
Be4 Rc5+ 34. Kd4 Rc4+ 35. Ke5 a5 36. Bd3 Rb4 37. Kd6 a4 38. Kc5 Rb2 39. Re4 a3
40. Ra4 Ra2 41. Kxc6 Ra1 42. Kc5 Rh1 43. Rxa3 Rxh3 44. g5 Rg3 45. c4 Rxg5+ 46.
Kb4 Rg3 47. c5 Bd5 48. Rc3 h5 49. Bb5 Rxc3 50. Kxc3 h4 51. Bd7 Kf6 52. Kd4 Ke7
53. Bh3 Bc6 54. Ke5 f6+ 0-1

[Event "ETCC Plovdiv 2003"]
[Site "Plovdiv"]
[Date "2003.10.14"]
[Round "4.13"]
[White "Brynell, Stellan"]
[Black "Thorfinnsson, Bragi"]
[Result "1-0"]
[WhiteElo "2462"]
[BlackElo "2388"]
[PlyCount "94"]
[EventDate "2003.10.14"]

1. e4 c5 2. Nf3 Nc6 3. Bb5 g6 4. O-O Bg7 5. Re1 e5 6. Bxc6 dxc6 7. d3 Qe7 8. a3
Nf6 9. b4 O-O 10. Nbd2 Rd8 11. Nc4 Bg4 12. bxc5 Nd7 13. a4 Nxc5 14. Ba3 b6 15.
Qe2 Qf6 16. Bxc5 bxc5 17. h3 Bxf3 18. Qxf3 Qxf3 19. gxf3 Rab8 20. Reb1 Rb4 21.
Na5 Rc8 22. Kf1 Kf8 23. Ke2 Ke7 24. c3 Rb6 25. Nc4 Rbb8 26. Rxb8 Rxb8 27. Ra2
Kf6 28. Rb2 Rxb2+ 29. Nxb2 Kg5 30. Kf1 Kf4 31. Kg2 Bf6 32. Nc4 Bd8 33. Nd6 a5
34. Nxf7 Be7 35. Nh6 c4 36. dxc4 Kg5 37. Ng4 Kf4 38. Ne3 Bc5 39. Nc2 h5 40. h4
Be7 41. Ne1 Bxh4 42. Nd3+ Kg5 43. Nxe5 Kf6 44. f4 Bg5 45. Nd7+ Ke7 46. fxg5
Kxd7 47. c5 Ke6 1-0

[Event "ETCC Plovdiv 2003"]
[Site "Plovdiv"]
[Date "2003.10.14"]
[Round "4.14"]
[White "Klerides, Paris"]
[Black "Levitt, Jonathan"]
[Result "0-1"]
[WhiteElo "2174"]
[BlackElo "2423"]
[PlyCount "82"]
[EventDate "2003.10.14"]

1. e4 e6 2. d4 d5 3. Nc3 Bb4 4. e5 c5 5. a3 Bxc3+ 6. bxc3 Ne7 7. Qg4 Kf8 8. Bd2
Qc7 9. Bd3 b6 10. Nh3 Ba6 11. Nf4 Bxd3 12. cxd3 Ng6 13. Nh5 Nc6 14. O-O Rc8 15.
a4 h6 16. f4 cxd4 17. f5 Ncxe5 18. Qh3 dxc3 19. Bc1 exf5 20. d4 Nc6 21. Qxf5
Kg8 22. Qxd5 Nb4 23. Qb3 Qc4 24. Qd1 Rd8 25. Be3 Nd5 26. Bf2 Kh7 27. Qf3 Rhf8
28. Ng3 Ngf4 29. Nf5 Qe2 30. Qg3 g6 31. Ne3 Qxe3 32. Qxe3 Nxe3 33. Bxe3 Nd5 34.
Bc1 f5 35. Rb1 a6 36. Rf3 Rfe8 37. Rh3 f4 38. Kf2 Re4 39. Rd3 Rde8 40. Ba3 Re2+
41. Kf3 R2e3+ 0-1

[Event "ETCC Plovdiv 2003"]
[Site "Plovdiv"]
[Date "2003.10.14"]
[Round "4.15"]
[White "Weiss, Christian"]
[Black "Trevelyan, John"]
[Result "1-0"]
[WhiteElo "2402"]
[BlackElo "2150"]
[PlyCount "95"]
[EventDate "2003.10.14"]

1. g3 e5 2. c4 Nc6 3. Nc3 f5 4. Bg2 Nf6 5. d3 Bc5 6. e3 d6 7. Nge2 O-O 8. a3 a6
9. O-O Qe8 10. Nd5 Nxd5 11. cxd5 Nd8 12. d4 Bb6 13. dxe5 Qxe5 14. Nf4 Nf7 15.
Ra2 Bd7 16. b3 Qe8 17. Ne6 Bxe6 18. dxe6 Nd8 19. e4 Qxe6 20. exf5 Qxf5 21. Re2
Nc6 22. Bb2 Rae8 23. Rxe8 Rxe8 24. h3 Rf8 25. Kh1 Re8 26. Kh2 Nd8 27. Re1 Rxe1
28. Qxe1 c6 29. f4 d5 30. h4 Qe6 31. Qa1 Qe7 32. Qd1 Nf7 33. Qg4 Nh6 34. Qc8+
Kf7 35. Be5 Kg6 36. Bf3 a5 37. b4 axb4 38. axb4 Bd8 39. b5 Kf7 40. bxc6 bxc6
41. Qxc6 Kg8 42. Bd6 Qe3 43. Be5 Ng4+ 44. Kh3 Nf2+ 45. Kg2 h6 46. Qxd5+ Kh7 47.
Qd7 Kg8 48. Qxg7# 1-0

[Event "ETCC Plovdiv 2003"]
[Site "Plovdiv"]
[Date "2003.10.14"]
[Round "4.18"]
[White "Bistric, Faruk"]
[Black "Berry, Neil"]
[Result "1-0"]
[WhiteElo "2503"]
[BlackElo "2300"]
[PlyCount "89"]
[EventDate "2003.10.14"]

1. c4 e5 2. Nc3 Nf6 3. Nf3 Nc6 4. e4 Bc5 5. Nxe5 Nxe5 6. d4 Bb4 7. dxe5 Nxe4 8.
Qd3 Nxc3 9. bxc3 Ba5 10. Ba3 Qg5 11. Qd4 f6 12. exf6 Qxf6 13. Qxf6 gxf6 14.
O-O-O d6 15. c5 Be6 16. cxd6 O-O-O 17. Kb2 cxd6 18. Bb5 a6 19. Rhe1 Bf5 20. Ba4
Bc7 21. c4 Rhg8 22. g3 Rg4 23. f4 Rg7 24. Be8 Bg4 25. Rd5 Rg8 26. Ba4 Rg7 27.
Bb4 h5 28. Bc3 Rf8 29. Re8+ Rxe8 30. Bxe8 Re7 31. Bxh5 Re2+ 32. Kb3 Bxh5 33.
Rxh5 Re3 34. a4 Kd7 35. Kc2 Bd8 36. Rd5 Kc6 37. Rf5 Re2+ 38. Kd3 Rxh2 39. Bxf6
Bb6 40. Bd4 Bd8 41. g4 Ra2 42. g5 Rg2 43. Ke4 Rg4 44. Kf3 Rh4 45. g6 1-0

[Event "em-team men"]
[Site "?"]
[Date "2003.10.14"]
[Round "4.1"]
[White "Khalifman, Alexander"]
[Black "Perunovic, Milos"]
[Result "1/2-1/2"]
[WhiteElo "2678"]
[BlackElo "2534"]
[PlyCount "91"]
[EventDate "2003.10.14"]

1. d4 Nf6 2. c4 e6 3. g3 d5 4. Bg2 dxc4 5. Nf3 a6 6. O-O Nc6 7. e3 Rb8 8. Nfd2
Bd7 9. Nxc4 b5 10. Ncd2 Bd6 11. Nc3 O-O 12. Nde4 Nxe4 13. Nxe4 Ne7 14. Qc2 h6
15. Nc5 e5 16. dxe5 Bxe5 17. Nxa6 Rb6 18. Nc5 Bc6 19. e4 Ba8 20. Be3 Rd6 21.
Rad1 Nc6 22. Nd3 Bd4 23. Bf4 Rd7 24. e5 Bb6 25. Bxc6 Bxc6 26. e6 fxe6 27. Qxc6
Rxd3 28. Rxd3 Qxd3 29. Bxc7 Bxc7 30. Qxc7 Qd5 31. a3 Qf5 32. Qb6 Rc8 33. Re1
Rc2 34. Qd4 Qd5 35. Qxd5 exd5 36. b4 Kf7 37. Kg2 Rc3 38. Re5 Rd3 39. Kf1 Kf6
40. f4 d4 41. Rxb5 Rxa3 42. Rd5 d3 43. Kf2 Rb3 44. b5 Rb2+ 45. Ke3 d2 46. Rxd2
1/2-1/2

[Event "em-team men"]
[Site "?"]
[Date "2003.10.14"]
[Round "4.2"]
[White "Krasenkow, Michal"]
[Black "Avrukh, Boris"]
[Result "0-1"]
[WhiteElo "2597"]
[BlackElo "2609"]
[PlyCount "66"]
[EventDate "2003.10.14"]

1. d4 d5 2. c4 c6 3. Nc3 Nf6 4. e3 a6 5. Qc2 e6 6. c5 Nbd7 7. Nf3 g6 8. e4 e5
9. dxe5 Nxe4 10. Nxe4 dxe4 {Diagram #} 11. e6 exf3 12. exd7+ Bxd7 13. Qc3 Rg8
14. gxf3 Bg7 15. Qb4 a5 16. Qxb7 Qb8 17. Qxb8+ Rxb8 18. Bd3 Bxb2 19. Bxb2 Rxb2
20. O-O Ke7 21. Rfe1+ Kf6 22. Be4 Be6 23. Red1 Rxa2 24. Rxa2 Bxa2 25. Rd6+ Ke5
26. Rxc6 f5 27. Bc2 Bd5 28. Rb6 Bxf3 29. c6 Kd6 30. Ba4 Re8 31. Kf1 Re4 32. Bb5
Rb4 33. Ke1 Rd4 0-1

[Event "em-team men"]
[Site "?"]
[Date "2003.10.14"]
[Round "4.4"]
[White "Shirov, Alexei"]
[Black "Lautier, Joel"]
[Result "0-1"]
[WhiteElo "2737"]
[BlackElo "2666"]
[PlyCount "66"]
[EventDate "2003.10.14"]

1. e4 e5 2. Nf3 Nf6 3. Nxe5 d6 4. Nf3 Nxe4 5. Qe2 Qe7 6. d3 Nf6 7. Nc3 Qxe2+ 8.
Bxe2 Be7 9. Nd4 Bd7 {Diagram #} 10. g4 Nxg4 11. Rg1 h5 12. h3 Ne5 13. Nd5 Bd8
14. f4 Ng6 15. f5 Ne7 16. Nxe7 Bxe7 17. Bg5 c5 18. Nf3 Bxf5 19. Bxe7 Kxe7 20.
Rxg7 Bxh3 21. d4 Nc6 22. dxc5 Bg4 23. Rg5 Kf6 24. Rd5 dxc5 25. Rxc5 Rhe8 26.
Rc3 Rad8 27. Kf1 Rxe2 28. Kxe2 Nd4+ 29. Kf2 Nxf3 30. Rxf3+ Bxf3 31. Kxf3 Rd2
32. Rc1 Kg5 33. a4 h4 0-1

[Event "em-team men"]
[Site "?"]
[Date "2003.10.14"]
[Round "4.4"]
[White "Fressinet, Laurent"]
[Black "Vallejo Pons, Francisco"]
[Result "1/2-1/2"]
[WhiteElo "2654"]
[BlackElo "2662"]
[PlyCount "65"]
[EventDate "2003.10.14"]

1. e4 c6 2. d4 d5 3. Nc3 dxe4 4. Nxe4 Bf5 5. Ng3 Bg6 6. h4 h6 7. Nf3 Nd7 8. h5
Bh7 9. Bd3 Bxd3 10. Qxd3 e6 11. Bf4 Ngf6 12. O-O-O Be7 13. Kb1 O-O 14. Ne5 Qa5
15. Nxd7 Nxd7 16. Ne4 Nf6 17. Nd6 Bxd6 18. Bxd6 Rfd8 19. Be7 Rd5 20. Qe2 Qc7
21. Bxf6 gxf6 22. c4 Rg5 23. g3 Rd8 24. Rd3 Qa5 25. Rhd1 Qf5 26. Ka1 Qg4 27.
Qxg4 Rxg4 28. f4 e5 29. dxe5 Rxd3 30. Rxd3 fxe5 31. fxe5 Rxc4 32. b3 Re4 33.
Rd7 1/2-1/2

[Event "em-team men"]
[Site "?"]
[Date "2003.10.14"]
[Round "4.4"]
[White "Illescas Cordoba, Miguel"]
[Black "Sokolov, Andrei"]
[Result "1/2-1/2"]
[WhiteElo "2602"]
[BlackElo "2584"]
[PlyCount "53"]
[EventDate "2003.10.14"]

1. Nf3 Nf6 2. c4 e6 3. Nc3 Bb4 4. Qc2 c5 5. a3 Ba5 6. g3 Nc6 7. Bg2 O-O 8. O-O
d6 9. e3 e5 10. Rb1 Bd7 11. Na2 Rc8 12. b4 cxb4 13. axb4 Bb6 14. Nc3 a5 15.
bxa5 Bxa5 16. Ba3 Bxc3 17. Qxc3 Re8 18. d3 e4 19. Nd2 exd3 20. Qxd3 Ne5 21.
Qxd6 Bc6 22. e4 Ra8 23. Qxd8 Raxd8 24. Bb4 Nd3 25. Bc3 Nxe4 26. Nxe4 Bxe4 27.
Bxe4 1/2-1/2

[Event "em-team men"]
[Site "?"]
[Date "2003.10.14"]
[Round "4.5"]
[White "Lutz, Christopher"]
[Black "Cvitan, Ognjen"]
[Result "0-1"]
[WhiteElo "2613"]
[BlackElo "2516"]
[PlyCount "117"]
[EventDate "2003.10.14"]

1. e4 c5 2. Nf3 d6 3. d4 cxd4 4. Nxd4 Nf6 5. Nc3 a6 6. Be3 e6 7. f3 Be7 8. Qd2
O-O 9. O-O-O Nc6 10. g4 Nxd4 11. Bxd4 b5 12. g5 Nd7 13. h4 Qc7 14. Kb1 b4 15.
Na4 Bb7 16. b3 Bc6 17. Nb2 a5 18. h5 Ne5 19. Be2 a4 20. g6 h6 21. gxf7+ Rxf7
22. Rhg1 axb3 23. cxb3 Bg5 24. Qxb4 Nxf3 25. Bxf3 Rxf3 26. Rge1 d5 27. exd5
Bxd5 28. Be5 Qf7 29. Na4 Qxh5 30. Ka1 Bh4 {Diagram #} 31. Rxd5 Bxe1 32. Qb7 Qg5
33. Qxa8+ Kh7 34. Rc5 Re3 35. Bd4 Qg1 36. Qe4+ Rxe4 37. Bxg1 Bg3 38. Kb2 Re1
39. Bd4 e5 40. Bc3 Re2+ 41. Ka3 h5 42. Bb2 h4 43. Rc1 h3 44. Nc3 Re1 45. Rc2 h2
46. Rxh2+ Bxh2 47. b4 e4 48. b5 e3 49. b6 Rf1 50. Kb3 Rf2 51. Bc1 e2 52. Bd2
Rf6 53. Nxe2 Rxb6+ 54. Kc2 Ra6 55. Kb3 Rb6+ 56. Kc2 Be5 57. a4 Rb2+ 58. Kd1 Ra2
59. a5 0-1

[Event "em-team men"]
[Site "?"]
[Date "2003.10.14"]
[Round "4.5"]
[White "Zelcic, Robert"]
[Black "Dautov, Rustem"]
[Result "0-1"]
[WhiteElo "2552"]
[BlackElo "2610"]
[PlyCount "204"]
[EventDate "2003.10.14"]

1. e4 c6 2. d4 d5 3. Nc3 dxe4 4. Nxe4 Bf5 5. Ng3 Bg6 6. h4 h6 7. Nf3 Nd7 8. h5
Bh7 9. Bd3 Bxd3 10. Qxd3 Ngf6 11. Bd2 e6 12. O-O-O Be7 13. Ne4 O-O 14. Kb1 Nxe4
15. Qxe4 Nf6 16. Qe2 Qd5 17. Ne5 Qe4 18. Qxe4 Nxe4 19. Be3 Rfd8 20. g4 c5 21.
f3 cxd4 22. Bxd4 Bc5 23. Bxc5 Nxc5 24. c3 f6 25. Nc4 Kf8 26. Kc2 Ke7 27. Ne3 a5
28. Rxd8 Rxd8 29. Re1 a4 30. b4 axb3+ 31. axb3 Nd3 32. Ra1 Ne5 33. f4 Nd3 34.
f5 e5 35. b4 Nf4 36. c4 Rd7 37. Ra8 Kd6 38. Rc8 Rc7 39. Rg8 Kc6 40. Kb3 b6 41.
b5+ Kb7 42. Rd8 Rc8 43. Rd7+ Rc7 44. Rd6 Rc8 45. Rd7+ Rc7 46. Rd2 Kc8 47. Rd6
Rd7 48. Rxd7 Kxd7 49. Nd1 Nd3 50. Kc3 Nc5 51. Ne3 Kd6 52. Nd5 Nd7 53. Kd3 Kc5
54. Kc3 e4 55. Nf4 Ne5 56. Ne6+ Kd6 57. Nxg7 Nxg4 58. Ne8+ Kd7 59. Ng7 e3 60.
Kd3 Ne5+ 61. Kxe3 Nxc4+ 62. Kf4 Nd6 63. Ne6 Nxb5 64. Kf3 Nc7 65. Nd4 Kd6 66.
Ke4 b5 67. Nc2 Nd5 68. Nd4 b4 69. Nb3 Ne7 70. Nd4 Kc5 71. Kd3 Kd5 72. Nc2 b3
73. Ne3+ Kc5 74. Kd2 Kb4 75. Kc1 Kc3 76. Nd1+ Kd4 77. Nf2 Ng8 78. Kb2 Ke5 79.
Kxb3 Kxf5 80. Kc4 Kg5 81. Kd4 Kxh5 82. Kd5 Kg5 83. Ke4 Ne7 84. Kf3 f5 85. Nh3+
Kf6 86. Nf4 Ng6 87. Nh3 Ke5 88. Nf2 h5 89. Nd3+ Kf6 90. Nf2 Ne5+ 91. Kg3 Ng6
92. Nh3 Ke5 93. Kf3 f4 94. Nf2 Kf5 95. Kg2 Ne5 96. Nh3 Nf7 97. Nf2 Ng5 98. Nd1
h4 99. Nf2 f3+ 100. Kg1 Kf4 101. Kf1 Ne4 102. Nd3+ Ke3 0-1

[Event "em-team men"]
[Site "?"]
[Date "2003.10.14"]
[Round "4.5"]
[White "Luther, Thomas"]
[Black "Sulava, Nenad"]
[Result "1-0"]
[WhiteElo "2580"]
[BlackElo "2472"]
[PlyCount "55"]
[EventDate "2003.10.14"]

1. e4 c5 2. Nf3 e6 3. d4 cxd4 4. Nxd4 Nf6 5. Nc3 Nc6 6. Ndb5 d6 7. Bf4 e5 8.
Bg5 a6 9. Na3 b5 10. Bxf6 gxf6 11. Nd5 f5 12. Bd3 Be6 13. O-O Bxd5 14. exd5 Ne7
15. Re1 Bg7 16. Rb1 O-O 17. c4 b4 18. Nc2 a5 19. Qh5 e4 20. Bf1 Qc8 21. g3 Nxd5
22. cxd5 Qxc2 23. Bh3 Bd4 24. Kh1 Ra7 25. Bxf5 f6 26. Bxe4 Qd2 27. Rbd1 Qxb2
28. Re2 1-0

[Event "em-team men"]
[Site "?"]
[Date "2003.10.14"]
[Round "4.6"]
[White "Van Den Doel, Erik"]
[Black "Nedev, Trajce"]
[Result "1/2-1/2"]
[WhiteElo "2609"]
[BlackElo "2480"]
[PlyCount "125"]
[EventDate "2003.10.14"]

1. e4 c5 2. Nf3 Nc6 3. d4 cxd4 4. Nxd4 Nf6 5. Nc3 e5 6. Ndb5 d6 7. Bg5 a6 8.
Na3 b5 9. Nd5 Be7 10. Bxf6 Bxf6 11. c3 O-O 12. Nc2 Bg5 13. a4 bxa4 14. Rxa4 a5
15. Bb5 Ne7 16. Nxe7+ Qxe7 17. Nb4 Bg4 18. Nd5 Bxd1 19. Nxe7+ Bxe7 20. Kxd1
Rab8 21. c4 Bd8 22. Ke2 f5 23. exf5 Rxf5 24. Rd1 Bb6 25. f3 Rf6 26. Rd2 Bc5 27.
Bc6 Bb4 28. Rc2 Rh6 29. h3 Kf8 30. Be4 Rf6 31. Kd3 g6 32. Re2 Ke7 33. Kc2 Kd7
34. h4 Rb6 35. Ra1 Rf8 36. g4 Rfb8 37. Kc1 Rc8 38. Rc2 Ke7 39. Kd1 Kf6 40. Ke2
Rcb8 41. Ra2 h6 42. Kd1 Kg7 43. Rh2 Rc8 44. Bd5 Rf8 45. Kc2 Rbb8 46. Ra1 Rf4
47. Rd1 Bc5 48. Rd3 Rbf8 49. Rb3 Bb4 50. Rh1 Rd4 51. Ra1 Rc8 52. Rxb4 axb4 53.
Ra7+ Kh8 54. Kb3 h5 55. gxh5 gxh5 56. Kxb4 Rxh4 57. Kb5 Rc5+ 58. Kb6 Rhxc4 59.
Bxc4 Rxc4 60. Kb5 Rc5+ 61. Kb6 Rc4 62. Kb5 Rc5+ 63. Kb6 1/2-1/2

[Event "em-team men"]
[Site "?"]
[Date "2003.10.14"]
[Round "4.7"]
[White "Cheparinov, Ivan"]
[Black "Pavasovic, Dusko"]
[Result "0-1"]
[WhiteElo "2531"]
[BlackElo "2586"]
[PlyCount "92"]
[EventDate "2003.10.14"]

1. e4 e5 2. Nf3 d6 3. d4 exd4 4. Nxd4 Nf6 5. Nc3 Be7 6. Be2 O-O 7. O-O c5 8.
Nf5 Bxf5 9. exf5 Nc6 10. Nd5 Nxd5 11. Qxd5 Qd7 12. c3 Rfe8 13. Bf3 Bf6 14. g4
h6 15. h3 Rad8 16. Bf4 Be5 17. Be3 Ne7 18. Qd2 b6 19. Bd5 Nxd5 20. Qxd5 b5 21.
Rad1 Qe7 22. Kg2 a5 23. Rfe1 Qc7 24. Re2 b4 25. c4 a4 26. Rde1 Bf6 27. Bf4 Rxe2
28. Rxe2 Be5 29. Bc1 b3 30. axb3 axb3 31. g5 Qd7 32. f4 Bd4 33. gxh6 Re8 34.
Re4 gxh6 35. f6 Bxf6 36. f5 Kh7 37. Rxe8 Qxe8 38. Kf3 Qe7 39. Qd3 Qe5 40. Qxb3
Qxf5+ 41. Ke2 Qe4+ 42. Kd1 Be5 43. Qc2 Qxc2+ 44. Kxc2 Kg6 45. Kd3 f5 46. Ke3
Bf6 0-1

[Event "em-team men"]
[Site "?"]
[Date "2003.10.14"]
[Round "4.7"]
[White "Sermek, Drazen"]
[Black "Radulski, Julian"]
[Result "1-0"]
[WhiteElo "2568"]
[BlackElo "2475"]
[PlyCount "43"]
[EventDate "2003.10.14"]

1. e4 e5 2. Nf3 Nc6 3. Bc4 Nf6 4. Ng5 d5 5. exd5 Na5 6. Bb5+ c6 7. dxc6 bxc6 8.
Be2 h6 9. Nh3 Bd6 10. d3 O-O 11. Nc3 Rb8 12. Bf3 Qc7 13. Ng1 c5 14. Nge2 c4 15.
Ng3 Rd8 16. O-O Ba6 17. Nge4 Nxe4 18. Bxe4 cxd3 19. cxd3 Qd7 20. Qh5 Bc8 21.
Bxh6 gxh6 22. Qxh6 1-0

[Event "em-team men"]
[Site "?"]
[Date "2003.10.14"]
[Round "4.8"]
[White "Babula, Vlastimil"]
[Black "Seeman, Tarvo"]
[Result "1-0"]
[WhiteElo "2567"]
[BlackElo "2429"]
[PlyCount "79"]
[EventDate "2003.10.14"]

1. d4 Nf6 2. c4 g6 3. Nc3 Bg7 4. e4 d6 5. Nf3 O-O 6. Be2 e5 7. O-O Nh5 8. g3
Bh3 9. Re1 exd4 10. Nxd4 Nf6 11. Bg5 h6 12. Be3 Nbd7 13. Qd2 Kh7 14. f3 a6 15.
b3 Ne5 16. Rad1 Re8 17. a4 c6 18. Nc2 Bf8 19. a5 Qe7 20. Bd4 Rad8 21. Ne3 h5
22. Ng2 Bh6 23. Be3 Bxe3+ 24. Nxe3 Qf8 25. Na4 Qh6 26. Ng2 Bxg2 27. Qxh6+ Kxh6
28. Kxg2 c5 29. Rd2 Nc6 30. Red1 Nd4 31. b4 Nxe2 32. bxc5 Nxe4 33. fxe4 Rxe4
34. cxd6 Rxc4 35. Rxe2 Rxa4 36. d7 Rxa5 37. Re8 Rxd7 38. Rxd7 b5 39. Rxf7 Ra2+
40. Rf2 1-0